Hydraulics And Pneumatics (Record no. 337790)
[ view plain ]
| 000 -LEADER | |
|---|---|
| fixed length control field | 00487nam a2200169Ia 4500 |
| 008 - FIXED-LENGTH DATA ELEMENTS--GENERAL INFORMATION | |
| fixed length control field | 230718s9999 xx 000 0 und d |
| 020 ## - INTERNATIONAL STANDARD BOOK NUMBER | |
| International Standard Book Number | 9788172241896 |
| 041 ## - LANGUAGE CODE | |
| Language code of text/sound track or separate title | eng |
| 082 ## - DEWEY DECIMAL CLASSIFICATION NUMBER | |
| Classification number | 621.51 |
| Item number | PAR |
| 100 ## - MAIN ENTRY--PERSONAL NAME | |
| Personal name | Parr A. |
| 9 (RLIN) | 146065 |
| 245 ## - TITLE STATEMENT | |
| Title | Hydraulics And Pneumatics |
| Remainder of title | A Technician's And Engineer's Guide |
| 260 ## - PUBLICATION, DISTRIBUTION, ETC. (IMPRINT) | |
| Date of publication, distribution, etc. | 2005 |
| Name of publisher, distributor, etc. | Jaico Publishing House |
| 300 ## - PHYSICAL DESCRIPTION | |
| Extent | 223 |
| 365 ## - TRADE PRICE | |
| Currency code | Rs. |
| Price amount | 325.00 |
| 700 ## - ADDED ENTRY--PERSONAL NAME | |
| Personal name | Parr A. |
| 9 (RLIN) | 146065 |
| 906 ## - LOCAL DATA ELEMENT F, LDF (RLIN) | |
| d | O:0407614-Aug-2014B:4830-Jun-2014 |
| c | MECH |
| b | 422.5 |
| Withdrawn status | Lost status | Damaged status | Not for loan | Home library | Current library | Date acquired | Vendor | Budget Code | Cost, normal purchase price | Bill number | Total Checkouts | Full call number | Barcode | Date last seen | Date last checked out | Discount | Cost, replacement price | Bill Date | Koha item type | Original Barcode |
|---|---|---|---|---|---|---|---|---|---|---|---|---|---|---|---|---|---|---|---|---|
| Cummins College of Engineering for Women Pune | Cummins College of Engineering for Women Pune | 14/08/2014 | ARM Book Bazar | MECH | 240.50 | 48 | 2 | 621.51 | CCEP-BK-48997 | 20/03/2026 | 04/03/2026 | 422.5 | 325.00 | 30/06/2014 | Books | 048997 |